Mullverbrennung und Rauchgasreinigung : aggregate und systeme, ruckstande, verfahrensbeurteilung, schadstoffmessungen
Αποθηκεύτηκε σε:
| Άλλοι συγγραφείς: | |
|---|---|
| Μορφή: | Βιβλίο |
| Γλώσσα: | German |
| Δημοσίευση: |
Berlin :
Verlag ,
1983
|
| Σειρά: | Technik, Wirtschaft, Umweltschutz ;
; 7 |
| Θέματα: | |
| Ετικέτες: |
Προσθήκη ετικέτας
Δεν υπάρχουν, Καταχωρήστε ετικέτα πρώτοι!
|
MARC
| LEADER | 00000cam a2200000 i 4500 | ||
|---|---|---|---|
| 001 | 1/77175 | ||
| 008 | 970414s1983 ger d | ||
| 020 | |a 3-924511-02-0 | ||
| 035 | |l 10004197 | ||
| 040 | |a GR-MY-UA |b gre |e aacr | ||
| 041 | 0 | |a ger | |
| 082 | 0 | |a 628.4 | |
| 245 | 1 | 0 | |a Mullverbrennung und Rauchgasreinigung : |b aggregate und systeme, ruckstande, verfahrensbeurteilung, schadstoffmessungen / |c Karl J. Thome-Kozmiensky (Hrsg.) |
| 260 | |a Berlin : |b Verlag , |c 1983 | ||
| 300 | |a 1101 p.; |c 22 cm | ||
| 490 | 1 | |a Technik, Wirtschaft, Umweltschutz |v ; 7 | |
| 504 | |a Includes bibliographical references and index | ||
| 650 | 0 | 0 | |a Incineration |x Handbooks, manuals, etc. |
| 650 | 0 | 0 | |a Incineration |z Germany (West) |x Handbooks, manuals, etc. |
| 650 | 0 | 0 | |a Flue gases |x Measurement |x Handbooks, manuals, etc. |
| 650 | 0 | 0 | |a Recycling (Waste, etc.) |x Handbooks, manuals, etc. |
| 700 | 1 | |a Thome-Kozmiensky, Karl J. |4 edt | |
| 830 | 0 | |a Technik, Wirtschaft, Umweltschutz ; |v ; 7 | |
| 852 | |a INST |b LESVOS |e 19970414 |h 628.4 MUL |p 005100011506 |q 005100011506 |t BK |y 0 | ||
| 909 | |a Λ |b 005214 | ||